Players That Tottenham Bought With Gareth Bale Money - Statistics

General Stats
  • This quiz has been taken 692 times
  • The average score is 5 of 7
Answer Stats
Bought From Player % Correct
Ajax Christian Eriksen
90%
Roma Erik Lamela
85%
Valencia Roberto Soldado
75%
Corinthians Paulinho
71%
Twente Nacer Chadli
53%
Steaua Bucuresti Vlad Chiriches
51%
Toulouse Etienne Capoue
45%
No matching quizzes found
Score Distribution
Percent of People with Each Score
Percentile by Number Answered
Your Score History
You have not taken this quiz